[Event "Titled Tuesday intern op 03rd Jan Late"]
[Site "Chess.com INT"]
[Date "2025.06.03"]
[Round "10"]
[White "Vasquez Schroder, Rodrigo Rafael"]
[Black "Rojas Alarcon, Julian Antonio"]
[Result "0-1"]
[WhiteElo "2446"]
[BlackElo "2365"]
[PlyCount "104"]
[EventDate "2025.06.03"]
[EventType "swiss (blitz)"]
[EventRounds "11"]
[EventCountry "USA"]
[SourceTitle "CB24_2025"]
[SourceDate "2025.06.11"]
[SourceVersion "1"]
[SourceVersionDate "2025.06.11"]
[SourceQuality "1"]

1. e4 c5 2. Nf3 d6 3. d4 cxd4 4. Nxd4 Nf6 5. Nc3 g6 6. Be2 Bg7 7. 0-0 0-0 8. Bg5 Nc6 9. Nb3 a5 10. a4 Be6 11. Qd2 Nb4 12. Nd4 Qc8 13. Kh1 Bc4 14. Rfd1 Qc5 15. Be3 Bxe2 16. Qxe2 Qh5 17. f3 Rfc8 18. Ndb5 d5 19. g4 Qh3 20. e5 Ne8 21. Bd4 Nc7 22. Nxc7 Rxc7 23. Rd2 Rac8 24. Bb6 Rc4 25. Bxa5 Bh6 26. Rdd1 e6 27. Bxb4 Rxb4 28. Ra2 d4 29. Ne4 Rxc2 30. Nf2 Rxe2 31. Nxh3 Be3 32. f4 h6 33. f5 gxf5 34. gxf5 exf5 35. Ng1 Rexb2 36. Rxb2 Rxb2 37. Nf3 Rb4 38. a5 Kf8 39. Kg2 Ke7 40. Kg3 Ke6 41. Ra1 Kd5 42. a6 bxa6 43. Ra5+ Ke4 44. Ra2 Rb3 45. Kg2 f4 46. e6 fxe6 47. Ne1 d3 48. Nf3 Kd5 49. Ra5+ Kc4 50. Rxa6 d2 51. Ra1 Kd3 52. Kf1 Rc3 0-1

[Event "Titled Tuesday intern op 06th May Early"]
[Site "Chess.com INT"]
[Date "2025.05.06"]
[Round "5"]
[White "Rojas Alarcon, Julian Antonio"]
[Black "Bluebaum, Matthias"]
[Result "0-1"]
[WhiteElo "2365"]
[BlackElo "2660"]
[PlyCount "70"]
[EventDate "2025.05.06"]
[EventType "swiss (blitz)"]
[EventRounds "11"]
[EventCountry "USA"]
[SourceTitle "CB20_2025"]
[SourceDate "2025.05.14"]
[SourceVersion "1"]
[SourceVersionDate "2025.05.14"]
[SourceQuality "1"]

1. d4 d5 2. c4 e6 3. Nf3 Nf6 4. g3 Nc6 5. Bg2 Bd6 6. 0-0 0-0 7. Nc3 dxc4 8. e4 e5 9. d5 Na5 10. Qe2 a6 11. a4 Bd7 12. Bg5 h6 13. Bxf6 Qxf6 14. Ra2 b5 15. axb5 axb5 16. Rfa1 Bb4 17. Ne1 Qb6 18. Nc2 Bc5 19. Qe1 Ra6 20. Nd1 Rfa8 21. Nb4 R6a7 22. Ne3 Nb3 23. Rxa7 Rxa7 24. Rxa7 Qxa7 25. Nf5 Qa5 26. Nc2 Qxe1+ 27. Nxe1 Bxf5 28. exf5 Bd4 29. d6 cxd6 30. Bc6 b4 31. Bd5 Nd2 32. Nc2 b3 33. Na3 c3 34. bxc3 Bxc3 35. Nb5 Bb4 0-1

[Event "Titled Tuesday intern op 11th Mar Early"]
[Site "Chess.com INT"]
[Date "2025.03.11"]
[Round "4"]
[White "Rojas Alarcon, Julian Antonio"]
[Black "Laddha, Shubh Jayesh"]
[Result "1/2-1/2"]
[WhiteElo "2365"]
[BlackElo "2303"]
[PlyCount "61"]
[EventDate "2025.03.11"]
[EventType "swiss (blitz)"]
[EventRounds "11"]
[EventCountry "USA"]
[SourceTitle "CB12_2025"]
[SourceDate "2025.03.19"]
[SourceVersion "1"]
[SourceVersionDate "2025.03.19"]
[SourceQuality "1"]

1. d4 d5 2. c4 c6 3. Nc3 Nf6 4. Nf3 e6 5. e3 Nbd7 6. Qc2 Bd6 7. g4 h6 8. Rg1 e5 9. h4 exd4 10. Nxd4 Ne5 11. g5 hxg5 12. hxg5 Nfg4 13. Be2 Rh2 14. f3 Qxg5 15. fxg4 Qh4+ 16. Kd1 Bxg4 17. Nf5 Bxe2+ 18. Qxe2 Rxe2 19. Nxh4 Rh2 20. Nf5 Nxc4 21. Rxg7 0-0-0 22. b3 Be5 23. bxc4 Bxc3 24. Ba3 Bxa1 25. Rxf7 dxc4+ 26. Bd6 Rh1+ 27. Ke2 Rd7 28. Rf8+ Rd8 29. Rf7 Rd7 30. Rf8+ Rd8 31. Rf7 1/2-1/2

[Event "Titled Tuesday intern op 11th Mar Early"]
[Site "Chess.com INT"]
[Date "2025.03.11"]
[Round "1"]
[White "Rojas Alarcon, Julian Antonio"]
[Black "Turzo, Attila"]
[Result "1-0"]
[WhiteElo "2365"]
[BlackElo "2272"]
[PlyCount "95"]
[EventDate "2025.03.11"]
[EventType "swiss (blitz)"]
[EventRounds "11"]
[EventCountry "USA"]
[SourceTitle "CB12_2025"]
[SourceDate "2025.03.19"]
[SourceVersion "1"]
[SourceVersionDate "2025.03.19"]
[SourceQuality "1"]

1. e4 e5 2. Nf3 Nf6 3. Nxe5 d6 4. Nf3 Nxe4 5. c3 d5 6. d3 Nf6 7. Bg5 h6 8. Bh4 Be7 9. Be2 0-0 10. Nbd2 c5 11. a3 Nc6 12. 0-0 Re8 13. Re1 Bf5 14. Qb3 Qb6 15. Qxb6 axb6 16. Bg3 Rac8 17. h3 Bd8 18. Bf1 Bc7 19. Bxc7 Rxe1 20. Rxe1 Rxc7 21. g4 Bh7 22. Re3 Kf8 23. Ne5 Nxe5 24. Rxe5 Re7 25. Rxe7 Kxe7 26. f4 g5 27. fxg5 hxg5 28. Nf3 Nd7 29. Nxg5 Bg6 30. Kf2 Ne5 31. Ke3 Nc6 32. Nf3 Kf6 33. Kf4 Nd8 34. Ng5 Nc6 35. Nf3 Nd8 36. h4 Ne6+ 37. Ke3 b5 38. d4 c4 39. Ne5 Be4 40. g5+ Kg7 41. Bh3 Bh1 42. Bxe6 fxe6 43. Nd7 Kg6 44. Kf4 Kh5 45. Nf6+ Kg6 46. h5+ Kg7 47. Ke5 Bf3 48. Kxe6 1-0

[Event "Titled Tuesday intern op 04th Feb Late"]
[Site "Chess.com INT"]
[Date "2025.02.04"]
[Round "2"]
[White "Rojas Alarcon, Julian Antonio"]
[Black "Rushbrooke, Remy"]
[Result "1-0"]
[WhiteElo "2365"]
[BlackElo "2094"]
[PlyCount "135"]
[EventDate "2025.02.04"]
[EventType "swiss (blitz)"]
[EventRounds "11"]
[EventCountry "USA"]
[SourceTitle "CB07_2025"]
[SourceDate "2025.02.12"]
[SourceVersion "1"]
[SourceVersionDate "2025.02.12"]
[SourceQuality "1"]

1. e4 g6 2. d4 Bg7 3. Nc3 d6 4. Be3 a6 5. Qd2 b5 6. 0-0-0 Bb7 7. f3 Nd7 8. h4 h6 9. g4 Ngf6 10. Nh3 Nb6 11. d5 c5 12. dxc6 Bxc6 13. Bd3 Nc4 14. Bxc4 bxc4 15. g5 hxg5 16. hxg5 Nd7 17. Nf4 Qa5 18. Rxh8+ Bxh8 19. Rh1 Bxc3 20. Qxc3 Qxc3 21. bxc3 e6 22. Ne2 Ke7 23. Nd4 Rc8 24. Rh7 Nc5 25. Ne2 e5 26. Bxc5 dxc5 27. Ng1 Ke6 28. Nh3 Rd8 29. Nf2 Bb7 30. Ng4 Bc6 31. Rh1 Bb5 32. Ne3 a5 33. Rf1 Bc6 34. a3 Bb7 35. Rf2 Ba6 36. Nd5 Bb7 37. Ne3 Ba6 38. Ng4 Rh8 39. f4 exf4 40. Rxf4 Rh4 41. Rf6+ Ke7 42. Ne3 Rxe4 43. Nd5+ Kd7 44. Rxa6 Re5 45. Nf6+ Ke7 46. Ra7+ Ke6 47. Nh7 Re1+ 48. Kb2 Rh1 49. Nf8+ Kf5 50. Rxf7+ Kxg5 51. Rc7 Kh5 52. Rxc5+ g5 53. Ne6 Rg1 54. Rxa5 Kh4 55. Rxg5 Rxg5 56. Nxg5 Kxg5 57. a4 Kf5 58. Ka3 Ke5 59. Kb4 Kd5 60. a5 Kc6 61. Kxc4 Kb7 62. Kb5 Ka7 63. c4 Ka8 64. c5 Kb8 65. c6 Kc7 66. a6 Kc8 67. a7 Kc7 68. a8Q 1-0

[Event "Titled Tuesday intern op 21st Jan Late"]
[Site "Chess.com INT"]
[Date "2025.01.21"]
[Round "5"]
[White "Rojas Alarcon, Julian Antonio"]
[Black "Reprintsev, Alexander"]
[Result "1-0"]
[WhiteElo "2365"]
[BlackElo "2218"]
[PlyCount "97"]
[EventDate "2025.01.21"]
[EventType "swiss (blitz)"]
[EventRounds "11"]
[EventCountry "USA"]
[SourceTitle "CB05_2025"]
[SourceDate "2025.01.29"]
[SourceVersion "1"]
[SourceVersionDate "2025.01.29"]
[SourceQuality "1"]

1. e4 d5 2. exd5 Qxd5 3. Nc3 Qd6 4. d4 Nf6 5. Nf3 g6 6. g3 Bg7 7. Bf4 Qd8 8. Bg2 0-0 9. 0-0 Bg4 10. h3 Bxf3 11. Bxf3 c6 12. d5 cxd5 13. Nxd5 Nxd5 14. Qxd5 Nc6 15. c3 Qb6 16. Qb3 e5 17. Be3 Qc7 18. h4 h5 19. Rad1 Rad8 20. Bg5 Rde8 21. Rfe1 Kh7 22. Rd5 f6 23. Be3 a6 24. Bb6 Qc8 25. Red1 Rf7 26. Rd6 Rfe7 27. Qc2 e4 28. Bg2 f5 29. Qd2 Ne5 30. b3 Re6 31. Rxe6 Qxe6 32. Bd4 Nd3 33. Bxg7 Kxg7 34. Bf1 Ne5 35. Be2 Re7 36. c4 Rd7 37. Qc3 Kf6 38. Rd4 b6 39. Kg2 a5 40. a3 Rd6 41. b4 axb4 42. axb4 Rc6 43. c5 bxc5 44. bxc5 Ke7 45. Bb5 Rc7 46. Rd6 Qxd6 47. cxd6+ Kxd6 48. Qd4+ Ke6 49. Qb6+ 1-0

[Event "Titled Tuesday intern op 14th Jan Early"]
[Site "Chess.com INT"]
[Date "2025.01.14"]
[Round "5"]
[White "Rojas Alarcon, Julian Antonio"]
[Black "Ibadov, Dashgyn"]
[Result "1-0"]
[WhiteElo "2365"]
[BlackElo "2337"]
[PlyCount "125"]
[EventDate "2025.01.14"]
[EventType "swiss (blitz)"]
[EventRounds "11"]
[EventCountry "USA"]
[SourceTitle "CB04_2025"]
[SourceDate "2025.01.22"]
[SourceVersion "1"]
[SourceVersionDate "2025.01.22"]
[SourceQuality "1"]

1. d4 d5 2. c4 e6 3. Nf3 Nf6 4. Nc3 Nbd7 5. Bf4 c6 6. e3 Be7 7. h3 0-0 8. cxd5 exd5 9. Bd3 Re8 10. a3 Nf8 11. 0-0 Nh5 12. Bh2 g6 13. b4 a6 14. Na4 Ng7 15. Nc5 b6 16. Na4 Bf5 17. Ne5 Bxd3 18. Qxd3 Rc8 19. Rfc1 b5 20. Nc5 Bxc5 21. Rxc5 Nd7 22. Rc2 Nxe5 23. Bxe5 Nf5 24. Rac1 Qd7 25. a4 Nd6 26. Bxd6 Qxd6 27. Rc5 Rc7 28. Qc2 Rec8 29. h4 h5 30. g3 Kg7 31. Kg2 Qe6 32. Qd3 Qd6 33. R1c3 Qe6 34. Qc2 Qd6 35. Kg1 Kg8 36. Kg2 Kg7 37. Qc1 Kg8 38. Qa1 Kg7 39. axb5 axb5 40. Qa6 Qd7 41. Qa1 Ra7 42. Qc1 Rac7 43. Qc2 Kg8 44. f3 Kg7 45. Qd3 Kg8 46. e4 dxe4 47. fxe4 Rd8 48. d5 Ra7 49. Rxc6 Ra2+ 50. Rc2 Rxc2+ 51. Qxc2 Qe7 52. Rc8 Rxc8 53. Qxc8+ Kg7 54. Qc3+ Kh7 55. Qd4 Qc7 56. d6 Qc2+ 57. Kf3 Qb3+ 58. Kf4 Qc2 59. d7 Qc1+ 60. Ke5 Qc7+ 61. Kf6 Qd8+ 62. Kxf7 Qg8+ 63. Ke7 1-0

[Event "Titled Tuesday intern op 07th Jan Early"]
[Site "Chess.com INT"]
[Date "2025.01.07"]
[Round "3"]
[White "Rojas Alarcon, Julian Antonio"]
[Black "Firouzja, Alireza"]
[Result "0-1"]
[WhiteElo "2365"]
[BlackElo "2763"]
[PlyCount "102"]
[EventDate "2025.01.07"]
[EventType "swiss (blitz)"]
[EventRounds "11"]
[EventCountry "USA"]
[SourceTitle "CB03_2025"]
[SourceDate "2025.01.15"]
[SourceVersion "1"]
[SourceVersionDate "2025.01.15"]
[SourceQuality "1"]

1. c4 g6 2. g3 Bg7 3. Bg2 Nf6 4. Nc3 0-0 5. Nf3 d6 6. d3 c6 7. Rb1 a5 8. a3 e5 9. b4 h6 10. 0-0 Be6 11. b5 Nbd7 12. bxc6 bxc6 13. Nd2 Qc7 14. a4 Rfb8 15. Ba3 Nc5 16. Qc2 Nfd7 17. Nde4 f5 18. Nxc5 dxc5 19. Rxb8+ Rxb8 20. Rb1 Rb4 21. Bxb4 cxb4 22. Na2 Nc5 23. Nc1 e4 24. dxe4 fxe4 25. Nb3 Nxa4 26. Bxe4 Nc3 27. Re1 a4 28. Nc5 b3 29. Qd3 Qe7 30. Nxa4 Nxa4 31. Qxb3 Nc5 32. Qb8+ Kh7 33. Bc2 Bxc4 34. Qf4 Bd3 35. Qd2 Bb5 36. h4 h5 37. Qg5 Qxg5 38. hxg5 Ne6 39. f4 Nd4 40. Bd1 Nf5 41. Kf2 Bc3 42. Rh1 Bd4+ 43. Kf3 Ne3 44. Bb3 c5 45. Rb1 Bc6+ 46. Kf2 Be4 47. Rc1 c4 48. Bxc4 Nxc4+ 49. Ke1 Bd5 50. Rd1 Ne3 51. Rd3 Bc4 0-1

[Event "Titled Tuesday intern op 24th Sep Late"]
[Site "Chess.com INT"]
[Date "2024.09.24"]
[Round "8"]
[White "Rojas Alarcon, Julian Antonio"]
[Black "Adewumi, Tanitoluwa"]
[Result "1-0"]
[WhiteElo "2357"]
[BlackElo "2325"]
[PlyCount "107"]
[EventDate "2024.09.24"]
[EventType "swiss (blitz)"]
[EventRounds "11"]
[EventCountry "USA"]
[SourceTitle "EXT 2025"]
[Source "ChessBase"]
[SourceDate "2024.10.14"]
[SourceVersion "1"]
[SourceVersionDate "2024.10.14"]
[SourceQuality "1"]

1. c4 e5 2. g3 Nc6 3. Bg2 d6 4. Nc3 g6 5. e3 Bg7 6. Nge2 Nf6 7. d4 0-0 8. h3 exd4 9. exd4 Ne7 10. d5 c6 11. 0-0 cxd5 12. cxd5 Bd7 13. g4 h5 14. f3 Rc8 15. Bf4 hxg4 16. fxg4 b5 17. a3 a5 18. b4 axb4 19. axb4 Rc4 20. Kh1 Ne8 21. Qb3 Qb6 22. Rae1 Nf6 23. Bg5 Bxg4 24. Bxf6 Bxe2 25. Nxe2 Bxf6 26. Rxf6 Kg7 27. Qf3 Nf5 28. Rxf5 gxf5 29. Ng3 Rh8 30. Nxf5+ Kf8 31. Qg3 Rg8 32. Re8+ Kxe8 33. Qxg8+ Kd7 34. Qxf7+ Kc8 35. Ne7+ Kb7 36. Nc6+ Ka6 37. Qf5 Rc1+ 38. Bf1 Rc2 39. Qxc2 Qe3 40. Kg2 Qg5+ 41. Kf3 Qh5+ 42. Ke3 Qg5+ 43. Kf2 Qf4+ 44. Kg1 Qe3+ 45. Kh1 Qf3+ 46. Bg2 Qe3 47. Qa2+ Kb7 48. Qc2 Qe1+ 49. Kh2 Qh4 50. Kg1 Qe1+ 51. Bf1 Qg3+ 52. Qg2 Qe3+ 53. Kh1 Qf4 54. Ne7 1-0

[Event "Titled Tuesday intern op 24th Sep Late"]
[Site "Chess.com INT"]
[Date "2024.09.24"]
[Round "9"]
[White "Rojas Alarcon, Julian Antonio"]
[Black "Kosakowski, Jakub"]
[Result "1-0"]
[WhiteElo "2357"]
[BlackElo "2514"]
[PlyCount "79"]
[EventDate "2024.09.24"]
[EventType "swiss (blitz)"]
[EventRounds "11"]
[EventCountry "USA"]
[SourceTitle "EXT 2025"]
[Source "ChessBase"]
[SourceDate "2024.10.14"]
[SourceVersion "1"]
[SourceVersionDate "2024.10.14"]
[SourceQuality "1"]

1. e4 c5 2. Nf3 d6 3. d4 cxd4 4. Nxd4 Nf6 5. Nc3 a6 6. Be2 e5 7. Nb3 Be7 8. Bg5 Be6 9. Bxf6 Bxf6 10. Qd3 Be7 11. Nd5 Bxd5 12. Qxd5 Qb6 13. 0-0 Nd7 14. Nd2 Nf6 15. Qd3 Qc6 16. Bf3 b5 17. a4 0-0 18. axb5 axb5 19. c3 Nd7 20. b4 Nb6 21. Be2 Bg5 22. Nf3 Rxa1 23. Rxa1 Bf6 24. Nd2 Rc8 25. Ra5 Na4 26. Nb1 g6 27. Qxb5 Qxe4 28. Nd2 Qc2 29. Qxa4 Qxd2 30. Bf1 e4 31. Ra8 Qxc3 32. Rxc8+ Qxc8 33. b5 e3 34. fxe3 Qc5 35. Qb3 Qb6 36. Kf2 Kg7 37. Bc4 Bg5 38. Bxf7 Qc5 39. Be6 Qe5 40. g3 1-0

[Event "Titled Tuesday intern op 24th Sep Late"]
[Site "Chess.com INT"]
[Date "2024.09.24"]
[Round "1"]
[White "Rojas Alarcon, Julian Antonio"]
[Black "Mikhalsky, Vladimir"]
[Result "1-0"]
[WhiteElo "2357"]
[BlackElo "2219"]
[PlyCount "107"]
[EventDate "2024.09.24"]
[EventType "swiss (blitz)"]
[EventRounds "11"]
[EventCountry "USA"]
[SourceTitle "EXT 2025"]
[Source "ChessBase"]
[SourceDate "2024.10.14"]
[SourceVersion "1"]
[SourceVersionDate "2024.10.14"]
[SourceQuality "1"]

1. e4 g6 2. d4 Bg7 3. Nc3 d6 4. g3 a6 5. a4 b6 6. Bg2 Bb7 7. Nge2 Nd7 8. Be3 e6 9. Qd2 h6 10. h3 Ne7 11. Rd1 Nf6 12. f3 g5 13. f4 Nf5 14. Bf2 gxf4 15. Nxf4 h5 16. exf5 Bxg2 17. Nxg2 exf5 18. 0-0 Ne4 19. Qf4 Nxc3 20. bxc3 Qd7 21. Rde1+ Kf8 22. Nh4 Qxa4 23. Qxf5 Rh6 24. Qe4 Re8 25. Qxe8+ Qxe8 26. Rxe8+ Kxe8 27. Nf5 Rg6 28. Re1+ Kf8 29. Kg2 Rg5 30. Nxg7 Rxg7 31. h4 a5 32. Be3 Rg6 33. c4 Ke8 34. c5 dxc5 35. dxc5 Kd7 36. Rf1 Ke6 37. cxb6 cxb6 38. Bxb6 a4 39. c4 f5 40. Ra1 Ke5 41. c5 f4 42. Bc7+ Kd5 43. Bxf4 Ra6 44. Be3 a3 45. g4 hxg4 46. h5 a2 47. h6 Ra7 48. c6 Rc7 49. Rxa2 Rxc6 50. h7 Rc8 51. Rd2+ Ke4 52. Bd4 Rd8 53. h8Q Rxh8 54. Bxh8 1-0

[Event "Titled Tuesday intern op 27th Aug Late"]
[Site "Chess.com INT"]
[Date "2024.08.27"]
[Round "2"]
[White "Fernandez Siles, Luis"]
[Black "Rojas Alarcon, Julian Antonio"]
[Result "0-1"]
[WhiteElo "2191"]
[BlackElo "2357"]
[PlyCount "41"]
[EventDate "2024.08.27"]
[EventType "swiss (blitz)"]
[EventRounds "11"]
[EventCountry "USA"]
[SourceTitle "EXT 2025"]
[Source "ChessBase"]
[SourceDate "2024.10.14"]
[SourceVersion "1"]
[SourceVersionDate "2024.10.14"]
[SourceQuality "1"]

1. e4 c5 2. Nf3 d6 3. Bb5+ Nc6 4. d4 cxd4 5. Qxd4 Bd7 6. Bxc6 Bxc6 7. Nc3 Nf6 8. Bg5 h6 9. Bxf6 gxf6 10. 0-0-0 Rg8 11. g3 Qa5 12. Kb1 Rc8 13. Nd5 Qc5 14. Qd2 Rg4 15. Rhe1 f5 16. Ne5 Rxe4 17. Rxe4 fxe4 18. b4 Qxd5 19. Qxd5 Bxd5 20. Rxd5 dxe5 21. Rxe5 0-1

[Event "Titled Tuesday intern op 27th Aug Late"]
[Site "Chess.com INT"]
[Date "2024.08.27"]
[Round "6"]
[White "Rojas Alarcon, Julian Antonio"]
[Black "Reyes Zavaleta, Fabian Ricardo"]
[Result "0-1"]
[WhiteElo "2357"]
[BlackElo "2099"]
[PlyCount "78"]
[EventDate "2024.08.27"]
[EventType "swiss (blitz)"]
[EventRounds "11"]
[EventCountry "USA"]
[SourceTitle "EXT 2025"]
[Source "ChessBase"]
[SourceDate "2024.10.14"]
[SourceVersion "1"]
[SourceVersionDate "2024.10.14"]
[SourceQuality "1"]

1. c4 Nf6 2. g3 c5 3. Bg2 d5 4. cxd5 Nxd5 5. Nf3 Nc6 6. 0-0 e5 7. Nc3 Nc7 8. d3 Be7 9. a3 0-0 10. b4 cxb4 11. axb4 Bxb4 12. Bb2 Re8 13. Nd2 Bd7 14. Nc4 Be6 15. Na2 Bd6 16. Rc1 f6 17. Nc3 Bb4 18. Na2 Bf8 19. Nc3 Nd5 20. Qa4 Rb8 21. Qa1 Nxc3 22. Bxc3 Bd5 23. Ne3 Bxg2 24. Kxg2 Nd4 25. Qa2+ Kh8 26. Rb1 a6 27. Rfc1 Qd7 28. Nc4 b5 29. Na5 Rec8 30. Kg1 b4 31. Bxd4 exd4 32. Nc4 Qb5 33. Rb3 a5 34. Ra1 Ra8 35. Qa4 Rcb8 36. Rb2 b3 37. Qxb5 Rxb5 38. Nd2 a4 39. Rxa4 Rxa4 0-1

[Event "Titled Tuesday intern op 27th Aug Late"]
[Site "Chess.com INT"]
[Date "2024.08.27"]
[Round "3"]
[White "Rojas Alarcon, Julian Antonio"]
[Black "Xiong, Jeffery"]
[Result "0-1"]
[WhiteElo "2357"]
[BlackElo "2646"]
[PlyCount "56"]
[EventDate "2024.08.27"]
[EventType "swiss (blitz)"]
[EventRounds "11"]
[EventCountry "USA"]
[SourceTitle "EXT 2025"]
[Source "ChessBase"]
[SourceDate "2024.10.14"]
[SourceVersion "1"]
[SourceVersionDate "2024.10.14"]
[SourceQuality "1"]

1. c4 e6 2. g3 d5 3. Bg2 d4 4. Nf3 Nc6 5. 0-0 e5 6. d3 a5 7. e3 Bc5 8. exd4 exd4 9. Na3 Bxa3 10. bxa3 Nge7 11. Re1 0-0 12. Rb1 Rb8 13. Ne5 Bf5 14. Rb5 Qc8 15. Bb2 Rd8 16. Nxc6 Nxc6 17. Bd5 Bg6 18. h4 h5 19. Qf3 Qg4 20. Qxg4 hxg4 21. Rd1 Ne5 22. Be4 Bxe4 23. dxe4 Nf3+ 24. Kg2 c6 25. Rf5 b5 26. cxb5 Rxb5 27. Rxb5 cxb5 28. Rd3 Ne1+ 0-1

[Event "Titled Tuesday intern op 27th Aug Late"]
[Site "Chess.com INT"]
[Date "2024.08.27"]
[Round "5"]
[White "Sroczynski, Maciej"]
[Black "Rojas Alarcon, Julian Antonio"]
[Result "0-1"]
[WhiteElo "2255"]
[BlackElo "2357"]
[PlyCount "60"]
[EventDate "2024.08.27"]
[EventType "swiss (blitz)"]
[EventRounds "11"]
[EventCountry "USA"]
[SourceTitle "EXT 2025"]
[Source "ChessBase"]
[SourceDate "2024.10.14"]
[SourceVersion "1"]
[SourceVersionDate "2024.10.14"]
[SourceQuality "1"]

1. d4 Nf6 2. Nf3 g6 3. c4 Bg7 4. Nc3 d5 5. Qb3 dxc4 6. Qxc4 0-0 7. e4 Nc6 8. d5 Na5 9. Qa4 c6 10. dxc6 Nxc6 11. Be2 Nd7 12. 0-0 Nc5 13. Qc2 Nb4 14. Qb1 Be6 15. Be3 Rc8 16. Rd1 Qc7 17. a3 Nba6 18. Nd4 Bb3 19. Ndb5 Qb8 20. Re1 Rfd8 21. Bd1 b6 22. g3 Qb7 23. Bf4 e6 24. Bxb3 Nxb3 25. Ra2 Nd4 26. Qd1 Nxb5 27. Qa4 Nxc3 28. bxc3 Nc5 29. Qb5 Nxe4 30. Be3 Nxc3 0-1

[Event "Titled Tuesday intern op 30th Jul Late"]
[Site "Chess.com INT"]
[Date "2024.07.30"]
[Round "4"]
[White "Meduri, Aakaash"]
[Black "Rojas Alarcon, Julian Antonio"]
[Result "0-1"]
[WhiteElo "2042"]
[BlackElo "2357"]
[PlyCount "54"]
[EventDate "2024.07.30"]
[EventType "swiss (blitz)"]
[EventRounds "11"]
[EventCountry "USA"]
[SourceTitle "EXT 2025"]
[Source "ChessBase"]
[SourceDate "2024.10.14"]
[SourceVersion "1"]
[SourceVersionDate "2024.10.14"]
[SourceQuality "1"]

1. Nf3 g6 2. h4 h6 3. h5 g5 4. d4 Nf6 5. c4 d6 6. Nc3 Bg4 7. Qb3 Qc8 8. e4 Nc6 9. Be3 e5 10. d5 Ne7 11. c5 a6 12. Rc1 Qb8 13. cxd6 cxd6 14. Bb6 Nd7 15. Na4 Bxf3 16. gxf3 Nc8 17. Bh3 Be7 18. Bxd7+ Kxd7 19. Rc7+ Ke8 20. f4 exf4 21. Qc3 Rg8 22. Rxc8+ Qxc8 23. Qd2 Qc4 24. Nc3 Bf6 25. Rh3 Rc8 26. Kd1 Qf1+ 27. Kc2 Qxh3 0-1